000 00597nam a22002057a 4500
005 20251108164315.0
008 250721s1991 xx 000 0 ara d
082 1 4 _a355.3432/ميل
100 1 _aميلمان، يوسي
245 1 0 _aأمراء الموساد /
264 1 _aعمان :
_bدار الفارس للنشر والتوزيع،
_c1991.
300 _a382ص
650 1 7 _aالموساد
650 1 7 _aالجواسيس
700 1 _aرافيف، دان
700 1 _aبرهوم، محمود
_eترجمة
700 1 _aحبايب، حزامة
942 _2ddc
_cBK
999 _c8908
_d8908